000
00334nam a2200157Ia 4500
003
OSt
005
20240320104938.0
008
170524s9999 xx 000 0 und d
020
_a
NIL
040
_c
IIMTU MEERUT
100
_a
Lawson- Jane
245
0
_a
Asian kitchen
260
_b
Murdoch Books
260
_c
2004
942
_2
ddc
_c
02
999
_c
7015
_d
7015